LEADER 02569nam 22005173 450 001 9910572196803321 005 20251106084511.0 010 $a88-6655-186-4 035 $a(CKB)4920000000860384 035 $a(oapen)https://directory.doabooks.org/handle/20.500.12854/82910 035 $a(BIP)042797568 035 $a(MiAaPQ)EBC31860697 035 $a(Perlego)1084505 035 $a(Au-PeEL)EBL31860697 035 $a(OCoLC)1226021930 035 $a(EXLCZ)994920000000860384 100 $a20251106d2012 uy 0 101 0 $aita 135 $aurmn|---annan 181 $ctxt$2rdacontent 182 $cc$2rdamedia 183 $acr$2rdacarrier 200 10$aIl Lavoro Della Ragione $eDimensioni Del Soggetto Nella Fenomenologia Dello Spirito Di Hegel 205 $a1st ed. 210 1$aFirenze :$cFirenze University Press,$d2012. 210 4$dİ2012. 215 $a1 electronic resource (106 p.) 225 1 $aStrumenti per la didattica e la ricerca 311 08$a88-5518-919-0 311 08$a88-6655-184-8 330 8 $aNella nostra epoca ormai priva delle certezze metafisiche tradizionali, lo studio della dimensione morale della soggettivita? nella "Fenomenologia dello spirito" di Hegel significa porsi come oggetto di indagine uno tra i temi di maggiore interesse filosofico, proprio per la sua stretta attualita?. Hegel affronta la questione morale in modo particolarmente profondo, consapevole sia degli aspetti contraddittori e drammatici di tale esperienza, sia della centralita? del motivo dell'"oltre". Sulla base di tale tesi interpretativa, le analisi del testo hegeliano condotte in questa ricerca sono dedicate a mettere a fuoco le esperienze di costituzione e legittimazione del soggetto assieme alle conseguenze inattese derivanti dal rapporto problematico che la coscienza instaura con l'immobilita? autosufficiente della sostanza. Ne fuoriesce uno studio storiografico e teorico che si inserisce efficacemente nel dibattito contemporaneo sulla grande attualita? del pensiero di Hegel. 410 0$aStrumenti per la Didattica e la Ricerca Series 517 $aLavoro della ragione 606 $aHistory of Western philosophy$2bicssc 606 $aNon-Western philosophy$2bicssc 610 $aPhilosophy 615 7$aHistory of Western philosophy 615 7$aNon-Western philosophy 700 $aRoni$b Riccardo$0329259 801 0$bMiAaPQ 801 1$bMiAaPQ 801 2$bMiAaPQ 906 $aBOOK 912 $a9910572196803321 996 $aIl lavoro della ragione$92884334 997 $aUNINA